[Event "24. Copenhagen Open  (Politiken Cup)"]
[Site "Copenhagen"]
[Date "2002.07.17"]
[Round "3"]
[White "Rasmussen, Henning"]
[Black "Baldursson, Rani"]
[Result "1/2-1/2"]
[WhiteElo "1743"]
[BlackElo "1426"]
[PlyCount "122"]
[EventDate "2002.07.15"]
[EventType "swiss"]
[EventRounds "11"]
[EventCountry "DEN"]
[SourceDate "2004.01.01"]

1. d4 Nf6 2. c4 g6 3. Nc3 Bg7 4. e4 d6 5. Be2 O-O 6. Nf3 e5 7. dxe5 dxe5 8.
Qxd8 Rxd8 9. Bg5 Re8 10. Rd1 c6 11. Nd2 Na6 12. a3 Nc5 13. f3 Ne6 14. Be3 Rd8
15. Nb3 Rxd1+ 16. Bxd1 Nd7 17. Rf1 b6 18. Rf2 Ba6 19. Rd2 Rd8 20. c5 Bf6 21.
cxb6 axb6 22. Rd6 Nb8 23. Rxd8+ Bxd8 24. Be2 Bxe2 25. Kxe2 Na6 26. g3 Bc7 27.
Kd3 Kf8 28. Ne2 Ke7 29. Kc4 Kd7 30. a4 Ke7 31. f4 exf4 32. gxf4 Kd7 33. h3 Ke7
34. Nbd4 Nxd4 35. Nxd4 Kd7 36. b4 c5 37. Nc2 Nxb4 38. Nxb4 cxb4 39. Kxb4 Kc6
40. Kc4 Bb8 41. Bd2 Bc7 42. Kd4 Kd6 43. e5+ Kc6 44. Bb4 Bd8 45. Ke4 Bc7 46. Kd4
Bd8 47. Bd6 Bc7 48. Bb4 Bd8 49. Ke4 Bc7 50. Be7 Kd7 51. Bh4 Ke6 52. Bg3 Bd8 53.
Kd4 Kd7 54. Kd5 Bc7 55. Be1 Bd8 56. Bb4 Bc7 57. Bf8 Bd8 58. Bd6 Bh4 59. Bb4 Bd8
60. Bc3 Bc7 61. Bd4 Bd8 1/2-1/2

[Event "24. Copenhagen Open  (Politiken Cup)"]
[Site "Copenhagen"]
[Date "2002.07.17"]
[Round "3"]
[White "Rasmussen, Poul"]
[Black "Brasoy, Aksel"]
[Result "0-1"]
[WhiteElo "1428"]
[BlackElo "1665"]
[PlyCount "82"]
[EventDate "2002.07.15"]
[EventType "swiss"]
[EventRounds "11"]
[EventCountry "DEN"]
[SourceDate "2004.01.01"]

1. e4 c5 2. Nf3 e6 3. Nc3 a6 4. d4 cxd4 5. Nxd4 Qc7 6. Be2 Nc6 7. O-O Nf6 8.
Nb3 Bb4 9. Bd3 Ne5 10. Ne2 d5 11. Ng3 Bd6 12. exd5 Nxd3 13. Qxd3 Nxd5 14. a3 b5
15. Bd2 O-O 16. Rac1 Rb8 17. Ba5 Qc4 18. Qd4 e5 19. Qxc4 bxc4 20. Nd2 c3 21.
bxc3 Bxa3 22. Rb1 Be6 23. Nc4 Rxb1 24. Rxb1 Nxc3 25. Bxc3 Bxc4 26. Bxe5 Re8 27.
Bd4 f6 28. h3 Rd8 29. c3 Rd7 30. Rb8+ Kf7 31. Nf5 Bd3 32. Ne3 Bd6 33. Ra8 Rb7
34. Ra7 Rxa7 35. Bxa7 Ke6 36. c4 Bc7 37. c5 Bb5 38. Nd1 Be5 39. Ne3 a5 40. c6
Bxc6 41. Nc4 Bc3 0-1

[Event "24. Copenhagen Open  (Politiken Cup)"]
[Site "Copenhagen"]
[Date "2002.07.17"]
[Round "3"]
[White "Richards, Heather"]
[Black "Bering, Anders"]
[Result "1-0"]
[WhiteElo "2275"]
[BlackElo "2119"]
[PlyCount "49"]
[EventDate "2002.07.15"]
[EventType "swiss"]
[EventRounds "11"]
[EventCountry "DEN"]
[SourceDate "2004.01.01"]

1. e4 c5 2. c3 d5 3. exd5 Qxd5 4. d4 Nf6 5. Be3 cxd4 6. cxd4 e6 7. Nc3 Qd8 8.
Nf3 Be7 9. Bd3 Nc6 10. a3 O-O 11. O-O a6 12. Qe2 b5 13. Rad1 Bb7 14. Rfe1 Qc7
15. Bb1 Rfd8 16. Bg5 Rac8 17. d5 exd5 18. Bxf6 Bxf6 19. Nxd5 Qd6 20. Nxf6+ Qxf6
21. Rd7 Na5 22. Ne5 Re8 23. h3 g6 24. Ba2 Rxe5 25. Qxe5 1-0

[Event "24. Copenhagen Open  (Politiken Cup)"]
[Site "Copenhagen"]
[Date "2002.07.17"]
[Round "3"]
[White "Robertsen, Thomas"]
[Black "Jenal, Juerg"]
[Result "1-0"]
[WhiteElo "2022"]
[BlackElo "2194"]
[PlyCount "75"]
[EventDate "2002.07.15"]
[EventType "swiss"]
[EventRounds "11"]
[EventCountry "DEN"]
[SourceDate "2004.01.01"]

1. e4 c5 2. Nf3 d6 3. c3 Nf6 4. Be2 g6 5. O-O Bg7 6. Re1 O-O 7. d3 Nc6 8. Bf1
Qc7 9. h3 b6 10. d4 Bb7 11. d5 Na5 12. Bf4 Rad8 13. Nbd2 c4 14. Rc1 Nh5 15. Be3
f5 16. b4 cxb3 17. axb3 f4 18. Bd4 Bc8 19. Bxg7 Nxg7 20. b4 Nb7 21. Nb3 e5 22.
dxe6 Bxe6 23. Nbd4 Bc4 24. Nb5 Bxb5 25. Bxb5 d5 26. e5 Nf5 27. Nd4 Nxd4 28.
Qxd4 f3 29. g3 Rf5 30. c4 dxc4 31. Qxc4+ Qxc4 32. Bxc4+ Kh8 33. Ba6 Rf7 34.
Rcd1 Kg7 35. e6 Re7 36. Bxb7 Rxe6 37. Bxf3 Rxe1+ 38. Rxe1 1-0

[Event "24. Copenhagen Open  (Politiken Cup)"]
[Site "Copenhagen"]
[Date "2002.07.17"]
[Round "3"]
[White "Roeder, Peter Ulrik"]
[Black "Hoeg, Claus"]
[Result "0-1"]
[WhiteElo "2174"]
[BlackElo "2010"]
[PlyCount "80"]
[EventDate "2002.07.15"]
[EventType "swiss"]
[EventRounds "11"]
[EventCountry "DEN"]
[SourceDate "2004.01.01"]

1. d4 Nf6 2. c4 g6 3. Nc3 Bg7 4. e4 d6 5. Be2 O-O 6. Bg5 c5 7. d5 e6 8. Nf3
exd5 9. cxd5 h6 10. Bh4 g5 11. Bg3 Nh5 12. O-O Nxg3 13. hxg3 Nd7 14. Nd2 Nf6
15. a4 Re8 16. Bd3 Bg4 17. Qc2 Nd7 18. Nc4 Ne5 19. Ne3 a6 20. Rfe1 b6 21. Bf1
Bd7 22. Rad1 h5 23. Be2 g4 24. Bf1 h4 25. Ne2 Qg5 26. gxh4 Qxh4 27. Ng3 Nf3+
28. gxf3 gxf3 29. Nef5 Bxf5 30. exf5 Rxe1 31. Rxe1 Bd4 32. Qe4 Qxg3+ 33. Kh1
Qxf2 34. Bh3 Qg3 35. Qg4+ Qxg4 36. Bxg4 f2 37. Rb1 Kg7 38. Kg2 Kf6 39. Kf3 b5
40. b3 Re8 0-1

[Event "24. Copenhagen Open  (Politiken Cup)"]
[Site "Copenhagen"]
[Date "2002.07.17"]
[Round "3"]
[White "Rohrmueller, Ulrich"]
[Black "Hansen, Morten Lyck"]
[Result "1-0"]
[WhiteElo "2257"]
[BlackElo "1854"]
[PlyCount "135"]
[EventDate "2002.07.15"]
[EventType "swiss"]
[EventRounds "11"]
[EventCountry "DEN"]
[SourceDate "2004.01.01"]

1. d4 Nf6 2. Nf3 g6 3. Bf4 Bg7 4. e3 d5 5. h3 O-O 6. Be2 c5 7. c3 cxd4 8. exd4
Qb6 9. Qb3 Qxb3 10. axb3 Nc6 11. b4 b6 12. O-O Bf5 13. Ba6 Bc8 14. Be2 Bb7 15.
Nbd2 a6 16. Rfe1 Nd7 17. Bd1 Rfe8 18. Bb3 e5 19. dxe5 Ncxe5 20. Nxe5 Nxe5 21.
Re3 Nd7 22. Nf3 Rxe3 23. Bxe3 b5 24. Rd1 Nf6 25. Ra1 Ne4 26. Rd1 Nf6 27. Nd4 h6
28. f3 Re8 29. Kf2 Nd7 30. Nc2 Nf6 31. Bd4 Rd8 32. Ne3 Re8 33. g4 Rd8 34. h4
Rd7 35. g5 hxg5 36. hxg5 Nh5 37. Bxg7 Kxg7 38. Bxd5 Nf4 39. Bxb7 Rxb7 40. Rd6
Nh3+ 41. Kg3 Nxg5 42. Rxa6 Ne6 43. Nd5 Rd7 44. Nf4 Nxf4 45. Kxf4 Rb7 46. Kg5
Rb8 47. Rd6 Rb7 48. Kf4 Rb8 49. Ke5 Rb7 50. Kd4 g5 51. Ke4 Re7+ 52. Kf5 Re3 53.
Kxg5 Rxf3 54. Rd5 Rf2 55. Rxb5 Rxb2 56. Rc5 f6+ 57. Kf5 Rf2+ 58. Ke4 Kg6 59. b5
f5+ 60. Ke3 Rb2 61. c4 Kg5 62. Rc8 f4+ 63. Ke4 Re2+ 64. Kd5 f3 65. Rf8 f2 66.
b6 Kg4 67. c5 Rd2+ 68. Kc6 1-0

[Event "24. Copenhagen Open  (Politiken Cup)"]
[Site "Copenhagen"]
[Date "2002.07.17"]
[Round "3"]
[White "Sanchez Martin, Vanessa"]
[Black "Lie, Terje"]
[Result "1-0"]
[WhiteElo "2123"]
[BlackElo "1913"]
[PlyCount "33"]
[EventDate "2002.07.15"]
[EventType "swiss"]
[EventRounds "11"]
[EventCountry "DEN"]
[SourceDate "2004.01.01"]

1. e4 d6 2. d4 Nf6 3. Nc3 g6 4. Nf3 Bg7 5. Bg5 O-O 6. Qd2 c5 7. dxc5 dxc5 8.
Qxd8 Rxd8 9. e5 Nd5 10. O-O-O Be6 11. Bc4 Nc6 12. Bxd5 Bxd5 13. Nxd5 Re8 14.
Nc7 Nxe5 15. Nxa8 Nc4 16. c3 e6 17. Nc7 1-0

[Event "24. Copenhagen Open  (Politiken Cup)"]
[Site "Copenhagen"]
[Date "2002.07.17"]
[Round "3"]
[White "Schmidt, Horst Hubert"]
[Black "Cazzaniga, Walter"]
[Result "0-1"]
[WhiteElo "1870"]
[BlackElo "2121"]
[PlyCount "98"]
[EventDate "2002.07.15"]
[EventType "swiss"]
[EventRounds "11"]
[EventCountry "DEN"]
[SourceDate "2004.01.01"]

1. d4 Nf6 2. Nf3 g6 3. e3 Bg7 4. Bd3 d5 5. O-O O-O 6. c4 dxc4 7. Bxc4 c5 8. Qb3
Nc6 9. dxc5 Ne4 10. Rd1 Qc7 11. Qc2 Bf5 12. Qe2 Rad8 13. Na3 Rxd1+ 14. Qxd1
Nxc5 15. Nb5 Qb8 16. Nbd4 Rd8 17. Qe2 Bd7 18. Bd2 Be8 19. Rc1 Ne4 20. Nxc6 Bxc6
21. Bb4 e6 22. Bd3 Rd7 23. Qc2 Nf6 24. Nd4 Bd5 25. Bb5 Be4 26. Qc8+ Rd8 27.
Qxb8 Rxb8 28. Bd6 Ra8 29. f3 a6 30. Be2 Bd5 31. Rc7 Ne8 32. Rd7 Bxd4 33. Bf4
Bxb2 34. e4 Bc6 35. Rd2 Bc3 36. Rd1 e5 37. Bh6 Bd4+ 38. Kh1 Nd6 39. h4 f6 40.
g4 Rc8 41. g5 f5 42. h5 fxe4 43. hxg6 hxg6 44. f4 e3+ 45. Kh2 Be4 46. Kh3 Rc2
47. fxe5 Bxe5 48. Bf1 Bf3 49. Bg2 Rxg2 0-1

[Event "24. Copenhagen Open  (Politiken Cup)"]
[Site "Copenhagen"]
[Date "2002.07.17"]
[Round "3"]
[White "Skjoldan, Benjamin"]
[Black "Romsdal, Trond"]
[Result "0-1"]
[WhiteElo "2024"]
[BlackElo "2205"]
[PlyCount "68"]
[EventDate "2002.07.15"]
[EventType "swiss"]
[EventRounds "11"]
[EventCountry "DEN"]
[SourceDate "2004.01.01"]

1. d4 Nf6 2. c4 e6 3. Nf3 b6 4. g3 Ba6 5. b3 d5 6. Bg2 Bd6 7. Qc2 Qe7 8. O-O
O-O 9. Nbd2 Nbd7 10. e4 dxe4 11. Ng5 c5 12. dxc5 Nxc5 13. Ndxe4 Nfxe4 14. Nxe4
Rad8 15. Nxd6 Rxd6 16. Be3 Rfd8 17. Rfd1 Nd3 18. Be4 Qf6 19. Bxd3 Rxd3 20. Rac1
Rxd1+ 21. Rxd1 Bb7 22. Rxd8+ Qxd8 23. Qd2 Qc8 24. Qd6 f6 25. Kf1 Bf3 26. Ke1
Kf7 27. Kd2 Qb7 28. h4 Bg4 29. Kc3 h5 30. a4 Bf5 31. Qd4 Kg6 32. a5 bxa5 33.
Qc5 Qh1 34. Qxa7 Qa1+ 0-1

[Event "24. Copenhagen Open  (Politiken Cup)"]
[Site "Copenhagen"]
[Date "2002.07.17"]
[Round "3"]
[White "Skovgaard, Peter Nicolai"]
[Black "Nielsen, Jorgen Kamp"]
[Result "1-0"]
[WhiteElo "1679"]
[BlackElo "1400"]
[PlyCount "47"]
[EventDate "2002.07.15"]
[EventType "swiss"]
[EventRounds "11"]
[EventCountry "DEN"]
[SourceDate "2004.01.01"]

1. e4 Nf6 2. e5 Nd5 3. d4 d6 4. f4 dxe5 5. fxe5 g6 6. c3 Bg7 7. Nf3 O-O 8. Bd3
c5 9. Bd2 Bg4 10. O-O Nc6 11. Qe1 Bxf3 12. Rxf3 cxd4 13. cxd4 Nxd4 14. Rh3 Qb6
15. Kh1 f6 16. Nc3 Qe6 17. Bc4 Rad8 18. Nxd5 Rxd5 19. Rd3 b5 20. Bxd5 Qxd5 21.
e6 f5 22. Bc3 Rd8 23. Bxd4 Bxd4 24. Rad1 1-0

[Event "24. Copenhagen Open  (Politiken Cup)"]
[Site "Copenhagen"]
[Date "2002.07.17"]
[Round "3"]
[White "Skovgaard, Tom"]
[Black "Hanley, Craig"]
[Result "0-1"]
[WhiteElo "2074"]
[BlackElo "2331"]
[PlyCount "72"]
[EventDate "2002.07.15"]
[EventType "swiss"]
[EventRounds "11"]
[EventCountry "DEN"]
[SourceDate "2004.01.01"]

1. e4 e6 2. d4 d5 3. Nd2 Nf6 4. e5 Nfd7 5. Bd3 c5 6. c3 Nc6 7. Ne2 cxd4 8. cxd4
f6 9. exf6 Nxf6 10. O-O Bd6 11. Nf3 Qc7 12. Bg5 O-O 13. Bh4 Nh5 14. Rc1 g6 15.
Bg3 Nxg3 16. hxg3 Qg7 17. a3 Bd7 18. Bb5 Rf5 19. Bxc6 Bxc6 20. Rc3 Raf8 21. Re3
Bd7 22. Nc1 Qh6 23. Rfe1 Rh5 24. Nh4 g5 25. Qg4 Kf7 26. Rxe6 Bxe6 27. Rxe6 Rxh4
28. Qf5+ Kg7 29. Rxh6 Rxf5 30. Rxd6 Rxd4 31. Nb3 Rd1+ 32. Kh2 g4 33. Rd7+ Rf7
34. Rd8 Rxf2 35. Nc5 Rff1 36. Ne6+ Kf6 0-1

[Event "24. Copenhagen Open  (Politiken Cup)"]
[Site "Copenhagen"]
[Date "2002.07.17"]
[Round "3"]
[White "Tandrup, Michael"]
[Black "Binau, Daniel"]
[Result "1-0"]
[WhiteElo "1874"]
[BlackElo "1439"]
[PlyCount "105"]
[EventDate "2002.07.15"]
[EventType "swiss"]
[EventRounds "11"]
[EventCountry "DEN"]
[SourceDate "2004.01.01"]

1. d4 d5 2. c4 e6 3. Nc3 Nf6 4. Nf3 Nbd7 5. Bg5 Be7 6. e3 O-O 7. Bd3 dxc4 8.
Bxc4 c5 9. O-O Qa5 10. Bh4 cxd4 11. Nxd4 e5 12. Nf5 Bb4 13. Nd5 Nxd5 14. Qxd5
Qc7 15. Qb5 Nb6 16. Qxb4 Qxc4 17. Qxc4 Nxc4 18. Ne7+ Kh8 19. Nxc8 Raxc8 20. b3
Nb2 21. Be7 Rfe8 22. Rac1 h6 23. Ba3 Nd3 24. Rcd1 e4 25. f3 f5 26. fxe4 fxe4
27. Rf7 b5 28. Bd6 Rc6 29. Bg3 a6 30. Rdf1 Rc1 31. Rxc1 Nxc1 32. Ra7 Re6 33. a4
Rf6 34. h3 b4 35. Rb7 a5 36. Re7 Nxb3 37. Rxe4 Nd2 38. Re8+ Kh7 39. Be5 Rg6 40.
Kh1 Rc6 41. g4 Rc1+ 42. Kg2 Rc2 43. Kg3 g5 44. Re7+ Kg8 45. Rg7+ Kf8 46. Ra7
Nc4 47. Bg7+ Kg8 48. Bxh6 b3 49. Rg7+ Kh8 50. Rb7 b2 51. Bxg5 Kg8 52. Bf6 Re2
53. Bd4 1-0

[Event "24. Copenhagen Open  (Politiken Cup)"]
[Site "Copenhagen"]
[Date "2002.07.17"]
[Round "3"]
[White "Thestrup, Sixten"]
[Black "Gottschalck, Christian"]
[Result "1/2-1/2"]
[WhiteElo "1430"]
[BlackElo "1676"]
[PlyCount "112"]
[EventDate "2002.07.15"]
[EventType "swiss"]
[EventRounds "11"]
[EventCountry "DEN"]
[SourceDate "2004.01.01"]

1. e4 c5 2. d4 cxd4 3. c3 dxc3 4. Nxc3 Nc6 5. Bc4 a6 6. Nf3 e6 7. O-O b5 8. Bb3
d6 9. Qe2 Be7 10. Rd1 Ra7 11. Bf4 Rd7 12. Rac1 Bb7 13. a3 Nf6 14. Rd2 O-O 15.
Rcd1 Ne8 16. Qe3 Nc7 17. Qb6 Na8 18. Qe3 Nb6 19. Ng5 Nc4 20. Bxc4 bxc4 21. Nf3
Na5 22. Bxd6 Bxd6 23. e5 Nb3 24. Rxd6 Rxd6 25. exd6 Bxf3 26. Qxf3 Qd7 27. Qg4
Rc8 28. Ne4 Kh8 29. Qh4 Kg8 30. Qe7 Rd8 31. h3 f5 32. Qxd7 Rxd7 33. Ng5 e5 34.
Rd5 h6 35. Nf3 Kf7 36. Nxe5+ Ke6 37. Nxd7 Kxd5 38. Nb6+ Kxd6 39. Nxc4+ Kc5 40.
Ne5 Kd4 41. Nc6+ Ke4 42. Kf1 Nd2+ 43. Ke2 Nc4 44. g3 Nxb2 45. f3+ Kd5 46. Nb4+
Kc4 47. Nxa6 Kb3 48. Ke3 Nc4+ 49. Kf4 g6 50. g4 fxg4 51. fxg4 Kxa3 52. h4 Nb6
53. Ke5 Nc4+ 54. Kf6 g5 55. hxg5 hxg5 56. Kxg5 Ne3 1/2-1/2

[Event "24. Copenhagen Open  (Politiken Cup)"]
[Site "Copenhagen"]
[Date "2002.07.17"]
[Round "3"]
[White "Tidman, Sophie E"]
[Black "Hansen, Poul Elgaard"]
[Result "1-0"]
[WhiteElo "2139"]
[BlackElo "2003"]
[PlyCount "58"]
[EventDate "2002.07.15"]
[EventType "swiss"]
[EventRounds "11"]
[EventCountry "DEN"]
[SourceDate "2004.01.01"]

1. e4 c5 2. Nf3 Nc6 3. d4 cxd4 4. Nxd4 Nf6 5. Nc3 d6 6. Bg5 e6 7. Qd2 a6 8.
O-O-O h6 9. Bh4 Qc7 10. f4 Bd7 11. Nb3 b5 12. e5 dxe5 13. Bxf6 gxf6 14. Ne4 Be7
15. Nbc5 Bc8 16. fxe5 Nxe5 17. Nd3 Nc4 18. Qc3 Qa5 19. Nxf6+ Kf8 20. Nd7+ Kg8
21. Qxa5 Nxa5 22. N3e5 Bb7 23. Be2 Kg7 24. Rd3 f5 25. Rg3+ Kh7 26. Bh5 Bg5+ 27.
Kb1 f4 28. Rg4 Be4 29. Nf7 Rhc8 1-0

[Event "24. Copenhagen Open  (Politiken Cup)"]
[Site "Copenhagen"]
[Date "2002.07.17"]
[Round "3"]
[White "Timmermans, Ivo"]
[Black "Nielsen, Thomas"]
[Result "1/2-1/2"]
[WhiteElo "2177"]
[BlackElo "2018"]
[PlyCount "62"]
[EventDate "2002.07.15"]
[EventType "swiss"]
[EventRounds "11"]
[EventCountry "DEN"]
[SourceDate "2004.01.01"]

1. e4 c6 2. d4 d5 3. exd5 cxd5 4. c4 Nf6 5. Nc3 Nc6 6. Nf3 Bg4 7. cxd5 Nxd5 8.
Qb3 Bxf3 9. gxf3 Nb6 10. Be3 e6 11. O-O-O Be7 12. d5 exd5 13. Nxd5 Nxd5 14.
Rxd5 Qc7 15. Kb1 O-O 16. f4 Nb4 17. Rd4 Rfd8 18. Rxd8+ Rxd8 19. Bc4 Bf8 20. Rc1
Qd7 21. a3 Nc6 22. Qb5 a6 23. Qh5 g6 24. Qg5 Be7 25. Qg2 Qf5+ 26. Ka1 Bf6 27.
Qf1 Qa5 28. Kb1 Qf5+ 29. Ka1 Qa5 30. Kb1 Qf5+ 31. Ka1 Qa5 1/2-1/2

[Event "24. Copenhagen Open  (Politiken Cup)"]
[Site "Copenhagen"]
[Date "2002.07.17"]
[Round "3"]
[White "Tollefsen, Vegard"]
[Black "Hvenekilde, Jorgen"]
[Result "1/2-1/2"]
[WhiteElo "1699"]
[BlackElo "2296"]
[PlyCount "31"]
[EventDate "2002.07.15"]
[EventType "swiss"]
[EventRounds "11"]
[EventCountry "DEN"]
[SourceDate "2004.01.01"]

1. e4 e5 2. Nc3 Bc5 3. Bc4 Nf6 4. d3 c6 5. Nf3 d6 6. h3 b5 7. Bb3 a5 8. a4 b4
9. Ne2 Ba6 10. O-O h6 11. Ng3 g6 12. Re1 Qb6 13. d4 exd4 14. e5 Nd5 15. exd6+
Kf8 16. Ne4 1/2-1/2

[Event "24. Copenhagen Open  (Politiken Cup)"]
[Site "Copenhagen"]
[Date "2002.07.17"]
[Round "3"]
[White "Unmack, Christian"]
[Black "Glud, Jakob Vang"]
[Result "0-1"]
[WhiteElo "1993"]
[BlackElo "2180"]
[PlyCount "84"]
[EventDate "2002.07.15"]
[EventType "swiss"]
[EventRounds "11"]
[EventCountry "DEN"]
[SourceDate "2004.01.01"]

1. d4 d5 2. c4 e6 3. Nc3 Be7 4. Nf3 Nf6 5. Bg5 Nbd7 6. e3 O-O 7. Rc1 a6 8. cxd5
exd5 9. Bd3 c6 10. Bb1 Re8 11. O-O Nf8 12. Ne5 N6d7 13. Bf4 Nxe5 14. Bxe5 Ng6
15. Qh5 Bd6 16. f4 Bf8 17. Rf3 f6 18. Rg3 fxe5 19. fxe5 Be6 20. Rf1 Re7 21.
Rxg6 Bf7 22. Rxf7 Rxf7 23. Rd6 Bxd6 24. Qxh7+ Kf8 25. exd6 Rf6 26. Bg6 Rxg6 27.
Qxg6 Qf6 28. Qh5 Rd8 29. Ne2 Rxd6 30. Nf4 Ke7 31. Qh8 Rd8 32. Qh5 Kd6 33. h4
Rf8 34. Qe5+ Qxe5 35. dxe5+ Kd7 36. e6+ Kd6 37. Ng6 Rf6 38. e7 Kd7 39. h5 c5
40. Nf4 d4 41. g4 dxe3 42. Nd5 Rf3 0-1

[Event "24. Copenhagen Open  (Politiken Cup)"]
[Site "Copenhagen"]
[Date "2002.07.17"]
[Round "3"]
[White "Vovk, Oksana"]
[Black "Dominguez, Lenier"]
[Result "1/2-1/2"]
[WhiteElo "2077"]
[BlackElo "2613"]
[PlyCount "81"]
[EventDate "2002.07.15"]
[EventType "swiss"]
[EventRounds "11"]
[EventCountry "DEN"]
[SourceDate "2004.01.01"]

1. d4 d5 2. Nf3 Nf6 3. c4 c6 4. cxd5 cxd5 5. Nc3 Nc6 6. Bf4 Bf5 7. e3 e6 8. Qb3
Bb4 9. Bb5 O-O 10. O-O Bxc3 11. Qxc3 Rc8 12. Rac1 Qb6 13. Qc5 Nxd4 14. Qxb6
Nxf3+ 15. gxf3 axb6 16. Bd6 Rxc1 17. Rxc1 Ra8 18. Rc7 h5 19. a3 Ne8 20. Bxe8
Rxe8 21. Rxb7 Rc8 22. Rb8 Rxb8 23. Bxb8 Bd3 24. f4 Be4 25. h4 Kh7 26. Kh2 Kg6
27. Kg3 Kf5 28. a4 Bc2 29. Bc7 Bxa4 30. Bxb6 Ke4 31. Bd4 f6 32. f3+ Kf5 33. Bc5
e5 34. fxe5 fxe5 35. Bf8 g5 36. e4+ dxe4 37. fxe4+ Kxe4 38. hxg5 Kf5 39. Kh4
Be8 40. b4 e4 41. b5 1/2-1/2

[Event "24. Copenhagen Open  (Politiken Cup)"]
[Site "Copenhagen"]
[Date "2002.07.17"]
[Round "3"]
[White "Walseth, Tron"]
[Black "Jessen, Simon Pind"]
[Result "1/2-1/2"]
[WhiteElo "1832"]
[BlackElo "2074"]
[PlyCount "75"]
[EventDate "2002.07.15"]
[EventType "swiss"]
[EventRounds "11"]
[EventCountry "DEN"]
[SourceDate "2004.01.01"]

1. c4 Nf6 2. Nc3 d5 3. cxd5 Nxd5 4. Nf3 g6 5. g3 Bg7 6. Bg2 c6 7. O-O e5 8. Qb3
O-O 9. d3 Nb6 10. Be3 Be6 11. Qc2 Nd5 12. Bd2 h6 13. a3 Nd7 14. Rac1 N7b6 15.
Ne4 Nd7 16. b4 Qe7 17. Nc5 Nxc5 18. bxc5 Nc7 19. Rb1 Nb5 20. Qc1 Bg4 21. Be3 e4
22. dxe4 Nc3 23. Rb2 Nxe4 24. Bxh6 Bxb2 25. Qxb2 f6 26. Bxf8 Kxf8 27. Nh4 Kg7
28. Qc2 g5 29. Qxe4 Qxe4 30. Bxe4 gxh4 31. f3 Re8 32. Rd1 hxg3 33. hxg3 Bc8 34.
g4 Bxg4 35. fxg4 Rxe4 36. Rd7+ Kg6 37. Rxb7 Rxg4+ 38. Kf2 1/2-1/2

[Event "24. Copenhagen Open  (Politiken Cup)"]
[Site "Copenhagen"]
[Date "2002.07.17"]
[Round "3"]
[White "Wilsbeck, Jan Borge"]
[Black "Moen, Andreas"]
[Result "0-1"]
[WhiteElo "1825"]
[BlackElo "2278"]
[PlyCount "58"]
[EventDate "2002.07.15"]
[EventType "swiss"]
[EventRounds "11"]
[EventCountry "DEN"]
[SourceDate "2004.01.01"]

1. e4 e5 2. f4 exf4 3. Nf3 Be7 4. Bc4 Bh4+ 5. Kf1 d5 6. Bxd5 Nf6 7. Bb3 Bg4 8.
d3 Nh5 9. Bxf7+ Ke7 10. Nc3 c6 11. Bxh5 Bxh5 12. Bxf4 Rf8 13. Be3 Nd7 14. h3
Qa5 15. d4 Rf7 16. Ke2 Bxf3+ 17. gxf3 Qh5 18. Kd3 Ne5+ 19. dxe5 Rd8+ 20. Nd5+
cxd5 21. Bc5+ Ke6 22. Kc3 dxe4 23. Bd6 Rxf3+ 24. Kb4 a5+ 25. Kxa5 Be7 26. Kb4
Rxd6 27. exd6 Bxd6+ 28. Ka4 Qe8+ 29. Ka5 Qa8+ 0-1

[Event "24. Copenhagen Open  (Politiken Cup)"]
[Site "Copenhagen"]
[Date "2002.07.17"]
[Round "3"]
[White "Zucchelli, Massimo"]
[Black "Ward, Christopher"]
[Result "0-1"]
[WhiteElo "2183"]
[BlackElo "2498"]
[PlyCount "68"]
[EventDate "2002.07.15"]
[EventType "swiss"]
[EventRounds "11"]
[EventCountry "DEN"]
[SourceDate "2004.01.01"]

1. d4 Nf6 2. c4 e6 3. Nc3 Bb4 4. e3 b6 5. Nge2 Ne4 6. Bd2 Nxd2 7. Qxd2 O-O 8.
a3 Be7 9. Nf4 d6 10. Bd3 c6 11. Qc2 f5 12. O-O-O Qe8 13. f3 e5 14. Nfe2 Bg5 15.
f4 Bh6 16. g4 exf4 17. exf4 fxg4 18. Bxh7+ Kh8 19. Bg6 Qe7 20. Kb1 Na6 21. Qd3
Nc7 22. Rhf1 d5 23. f5 Ba6 24. Qg3 Bxc4 25. Qxg4 Nb5 26. Rfe1 Nxa3+ 27. bxa3
Qxa3 28. Qg3 b5 29. Nc1 b4 30. N3a2 b3 31. Nc3 Kg8 32. Nd3 b2 33. Nxb2 Rab8 34.
Bf7+ Kxf7 0-1

[Event "24. Copenhagen Open  (Politiken Cup)"]
[Site "Copenhagen"]
[Date "2002.07.18"]
[Round "4"]
[White "Aagaard, Jacob"]
[Black "Turov, Maxim"]
[Result "0-1"]
[WhiteElo "2359"]
[BlackElo "2518"]
[PlyCount "76"]
[EventDate "2002.07.15"]
[EventType "swiss"]
[EventRounds "11"]
[EventCountry "DEN"]
[SourceDate "2004.01.01"]

1. e4 c5 2. Nf3 Nc6 3. d4 cxd4 4. Nxd4 e5 5. Nb5 d6 6. N1c3 a6 7. Na3 b5 8. Nd5
Nce7 9. c4 Nxd5 10. exd5 bxc4 11. Nxc4 Nf6 12. Bd2 a5 13. Qa4+ Bd7 14. Qa3 Qb8
15. Be2 Be7 16. O-O O-O 17. Rfd1 Bb5 18. Bxa5 Bxc4 19. Bxc4 Bd8 20. b4 Bxa5 21.
bxa5 Qc7 22. Qb4 Rxa5 23. Bb5 Ne4 24. Qxe4 Rxb5 25. Rac1 Rc5 26. Rxc5 Qxc5 27.
h3 g6 28. a4 Ra8 29. Rb1 Ra5 30. Qh4 Kg7 31. Rb7 Qc1+ 32. Kh2 Rxd5 33. Qb4 Rd4
34. Qb3 Qf4+ 35. Kg1 Rc4 36. g3 Rc1+ 37. Kg2 Qe4+ 38. Qf3 Rg1+ 0-1

[Event "24. Copenhagen Open  (Politiken Cup)"]
[Site "Copenhagen"]
[Date "2002.07.18"]
[Round "4"]
[White "Abdagic, Edib"]
[Black "Skovgaard, Tom"]
[Result "1-0"]
[WhiteElo "1832"]
[BlackElo "2074"]
[PlyCount "93"]
[EventDate "2002.07.15"]
[EventType "swiss"]
[EventRounds "11"]
[EventCountry "DEN"]
[SourceDate "2004.01.01"]

1. d4 Nf6 2. c4 e6 3. Nf3 d5 4. Nc3 c6 5. Bg5 dxc4 6. e4 b5 7. e5 h6 8. Bh4 g5
9. Nxg5 hxg5 10. Bxg5 Nbd7 11. exf6 Bb7 12. h4 Qb6 13. Be2 O-O-O 14. Bf3 Ne5
15. dxe5 Rxd1+ 16. Rxd1 Qc5 17. Bf4 Qb4 18. Rd2 Qa5 19. h5 Bb4 20. O-O Bxc3 21.
bxc3 Qxc3 22. h6 b4 23. Rfd1 b3 24. axb3 cxb3 25. Rd3 Qb4 26. Rd4 Qb6 27. Be3
Qb5 28. h7 b2 29. Be4 c5 30. Rd8+ Rxd8 31. Rxd8+ Kc7 32. h8=Q b1=Q+ 33. Bxb1
Qxb1+ 34. Kh2 Qe4 35. Rg8 Qxe5+ 36. Rg3 a5 37. Qg7 Qh5+ 38. Rh3 Qe5+ 39. Qg3
Qxg3+ 40. Kxg3 c4 41. Bc1 e5 42. Bb2 Kd6 43. Rh5 a4 44. Bxe5+ Kc5 45. Bc3+ Kd6
46. Ra5 Bc6 47. Kh3 1-0

[Event "24. Copenhagen Open  (Politiken Cup)"]
[Site "Copenhagen"]
[Date "2002.07.18"]
[Round "4"]
[White "Arngrimsson, Dagur"]
[Black "Hector, Jonny"]
[Result "0-1"]
[WhiteElo "2149"]
[BlackElo "2562"]
[PlyCount "118"]
[EventDate "2002.07.15"]
[EventType "swiss"]
[EventRounds "11"]
[EventCountry "DEN"]
[SourceDate "2004.01.01"]

1. e4 e5 2. Nf3 Nc6 3. d4 exd4 4. Nxd4 Qf6 5. Be3 Bc5 6. c3 Qg6 7. Nd2 Nge7 8.
Qf3 Bxd4 9. Bxd4 O-O 10. Bc4 d5 11. exd5 Nxd4 12. cxd4 Nf5 13. O-O Nxd4 14. Qf4
Bh3 15. Qg3 Qxg3 16. fxg3 Bd7 17. Rf4 Nf5 18. Ne4 Nd6 19. Bd3 Rfe8 20. Raf1 Re7
21. Rc1 Nxe4 22. Rxe4 Rxe4 23. Bxe4 Rc8 24. Rc3 Kf8 25. Ra3 a6 26. Rb3 Re8 27.
Bf3 Rb8 28. Rc3 Rc8 29. Rb3 Rb8 30. Rc3 Ke7 31. Rxc7 Kd6 32. Rc3 f5 33. h3 g5
34. g4 f4 35. g3 fxg3 36. Kg2 Rc8 37. Rb3 b5 38. Kxg3 Rc2 39. Be4 Rd2 40. Bxh7
a5 41. a3 b4 42. axb4 a4 43. Ra3 Rxb2 44. Rf3 Rxb4 45. Rf6+ Ke5 46. Rf7 Rb3+
47. Kf2 Rb7 48. Bb1 Rb2+ 49. Ke3 Bb5 50. Bg6 a3 51. Ra7 Rb3+ 52. Kd2 Rxh3 53.
Kc2 Bc4 54. Ra5 Bb3+ 55. Kd2 a2 56. Kc1 Rh2 57. Bf5 Kd4 58. d6 a1=R+ 59. Rxa1
Kc3 0-1